Biggest sources of immigrants to North Dakota - Statistics

General Stats
  • This quiz has been taken 29 times
  • The average score is 8 of 10
Answer Stats
Hint Answer % Correct
3,671 Mexico
100%
734 India
92%
677 United Kingdom
92%
3,382 Canada
88%
896 China
88%
1,666 Germany
79%
3,561 Philippines
79%
592 Brazil
71%
624 Jamaica
38%
525 Australia and New Zealand
29%
No matching quizzes found
Score Distribution
Percent of People with Each Score
Percentile by Number Answered
Your Score History
You have not taken this quiz